000 00386nam a2200133 4500
005 20260530113843.0
100 1 _aGob. del Estado de Querétaro
_930460
245 1 0 _aQuerétaro 1991-1997 Memorias de Gobierno
264 1 _bGobierno del Estado de Querétaro
_c1997
300 _a300 páginas
336 _atexto
_2rdacontent
337 _asin medio
_2rdamedia
338 _avolumen
_2rdacarrier
999 _c11197
_d11197